Working Together for Local Integration of Migrants and Refugees in Berlin
Na minha lista:
| Formato: | Livro |
|---|---|
| Idioma: | inglês |
| Publicado em: |
Paris
OECD
2018
|
| Assuntos: | |
| Tags: |
Sem tags, seja o primeiro a adicionar uma tag!
|
MARC
| LEADER | 00000nam a2200000 4500 | ||
|---|---|---|---|
| 001 | 0250671 | ||
| 005 | 20221220065922.1 | ||
| 020 | |a 978-92-64-30522-9 | ||
| 041 | 0 | |a eng | |
| 044 | |a FR | ||
| 245 | 1 | 0 | |a Working Together for Local Integration of Migrants and Refugees in Berlin |
| 264 | 1 | |a Paris |b OECD |c 2018 | |
| 300 | |a 84 s. | ||
| 610 | 2 | 0 | |a migrácia |
| 610 | 2 | 0 | |a utečenci |
| 610 | 2 | 0 | |a integrácia |
| 610 | 2 | 0 | |a trh práce |
| 610 | 2 | 0 | |a vzdelávanie |
| 610 | 2 | 0 | |a bývanie |
| 610 | 2 | 0 | |a politika azylová |
| 610 | 2 | 0 | |a štúdie prípadové |
| 610 | 2 | 0 | |a Nemecko |
| 610 | 2 | 0 | |a Berlín |